000 00974nam a2200289Ia 4500
003 OSt
005 20221005111312.0
006 a|||||r|||| 00| 0
007 ta
008 221004b |||||||| |||| 00| 0 hin d
020 _a8181436717 (hbk)
_c300
024 _a19674
037 _b517, 21/03/2015, Vani Prakashan
_cTextual
040 _aCRL
_cCRL
_bhin
041 _2hin
_ahin
082 _aO152,3N33,BU, M8.1
100 _aजोशी, मनोहर श्याम
245 0 _aबुनियाद
246 _aBuniyāda
250 _a2 संस्करण
260 _aनई दिल्ली
_bवाणी प्रकाशन भारत
_c2007
300 _a304पृ0
_ccm.
490 _vभाग 1
650 _aहिन्दी साहित्य
942 _hO152,3N33,BU, M8.1
_cTEXL
_2cc
999 _c1021433
_d1021433